[Event "DSJ Weihnachtsturnier U16: Lasker 2020"]
[Site ""]
[Date "2020.12.28"]
[Round "4"]
[White "Sickmann, Lisa"]
[Black "Hoffmann, Kay"]
[Result "1-0"]
[Termination "normal"]
[Board "10.1"]
[WhiteElo "1510"]
[BlackElo "1583"]
[WhiteTeam "Lübecker SV von 1873"]
[BlackTeam "Barnimer Schachfreunde im SV Stahl Finow"]
[PlyCount "57"]
[WhiteFideId "16267818"]
[BlackFideId "16227000"]
[EventRounds "7"]
[EventType "team-swiss"]
[EventDate "2020.12.28"]

1. e4 {[%emt 0:00:04]} d5 {[%emt 0:00:04]} 2. exd5 {[%emt 0:00:19]} Qxd5 {
[%emt 0:00:05]} 3. Nc3 {[%emt 0:00:04]} Qa5 {[%emt 0:00:04]} 4. d4 {[%emt
0:00:04]} Nf6 {[%emt 0:00:03]} 5. Bd2 {[%emt 0:00:04]} Bg4 {[%emt 0:00:05]} 6.
f3 { [%emt 0:00:26]} Bf5 {[%emt 0:00:04]} 7. Bc4 {[%emt 0:00:11]} Nc6 {[%emt
0:00:16]} 8. Nd5 {[%emt 0:00:06]} Nxd5 {[%emt 0:00:46]} 9. Bxa5 {[%emt
0:00:07]} Ne3 {[%emt 0:00:04]} 10. Qe2 {[%emt 0:00:39]} Nxc2+ {[%emt 0:00:06]}
11. Kf2 { [%emt 0:00:27]} Nxa1 {[%emt 0:00:07]} 12. Bxc7 {[%emt 0:00:11]} Nxd4
{[%emt 0:00:10]} 13. Bb5+ {[%emt 0:00:04]} Bd7 {[%emt 0:00:06]} 14. Bxd7+
{[%emt 0:00:11]} Kxd7 {[%emt 0:00:03]} 15. Qc4 {[%emt 0:00:09]} Nac2 {[%emt
0:00:09]} 16. Be5 {[%emt 0:00:09]} Rc8 {[%emt 0:00:34]} 17. Qd3 {[%emt
0:00:07]} e6 {[%emt 0:00:42]} 18. Bxd4 {[%emt 0:00:07]} Nb4 {[%emt 0:00:09]}
19. Qb5+ {[%emt 0:00:14] } Nc6 {[%emt 0:00:07]} 20. Ne2 {[%emt 0:00:08]} Kc7
{[%emt 0:00:26]} 21. Rc1 { [%emt 0:00:09]} Be7 {[%emt 0:00:20]} 22. Be5+ {[%emt
0:00:13]} Bd6 {[%emt 0:00:21]} 23. Bxd6+ {[%emt 0:00:03]} Kxd6 {[%emt 0:00:02]}
24. Rd1+ {[%emt 0:00:08]} Kc7 {[%emt 0:00:06]} 25. Rd3 {[%emt 0:00:29]} a6
{[%emt 0:00:06]} 26. Qc5 { [%emt 0:00:11]} Rhd8 {[%emt 0:00:17]} 27. Nd4 {[%emt
0:00:45]} e5 {[%emt 0:00:13]} 28. Nxc6 {[%emt 0:00:19]} bxc6 {[%emt 0:00:11]}
29. Qa7# {[%emt 0:00:04]} 1-0

[Event "DSJ Weihnachtsturnier U16: Lasker 2020"]
[Site ""]
[Date "2020.12.28"]
[Round "4"]
[White "Beyer, Clemens"]
[Black "Gossing, Marie-Sophie"]
[Result "1-0"]
[Termination "normal"]
[Board "10.2"]
[WhiteElo "1658"]
[BlackElo "1269"]
[WhiteTeam "Barnimer Schachfreunde im SV Stahl Finow"]
[BlackTeam "Lübecker SV von 1873"]
[PlyCount "59"]
[WhiteFideId "16245407"]
[BlackFideId "16217284"]
[EventRounds "7"]
[EventType "team-swiss"]
[EventDate "2020.12.28"]

1. d4 {[%emt 0:00:16]} e6 {[%emt 0:00:04]} 2. Bf4 {[%emt 0:00:25]} d5 {[%emt
0:00:30]} 3. Nf3 {[%emt 0:00:10]} Bd6 {[%emt 0:00:36]} 4. Bg3 {[%emt 0:00:05]}
Ne7 {[%emt 0:00:06]} 5. e3 {[%emt 0:00:01]} O-O {[%emt 0:00:03]} 6. Bd3 { [%emt
0:00:02]} Ng6 {[%emt 0:00:04]} 7. c4 {[%emt 0:00:07]} c6 {[%emt 0:00:07]} 8.
Nc3 {[%emt 0:00:02]} Re8 {[%emt 0:00:38]} 9. c5 {[%emt 0:00:09]} Bc7 { [%emt
0:00:05]} 10. Ne5 {[%emt 0:00:05]} b6 {[%emt 0:00:23]} 11. b4 {[%emt 0:00:04]}
b5 {[%emt 0:00:05]} 12. f4 {[%emt 0:00:08]} a5 {[%emt 0:00:05]} 13. a3 {[%emt
0:00:14]} axb4 {[%emt 0:00:11]} 14. axb4 {[%emt 0:00:03]} Rxa1 {[%emt 0:00:03]}
15. Qxa1 {[%emt 0:00:02]} Na6 {[%emt 0:00:07]} 16. Nxc6 {[%emt 0:00:14] } Qd7
{[%emt 0:00:09]} 17. Bxb5 {[%emt 0:00:44]} Bb7 {[%emt 0:01:04]} 18. Ne5 { [%emt
0:00:46]} Qd8 {[%emt 0:00:29]} 19. Bxa6 {[%emt 0:00:40]} Qa8 {[%emt 0:00:24]}
20. b5 {[%emt 0:00:17]} Bxa6 {[%emt 0:00:33]} 21. Qxa6 {[%emt 0:00:11]} Qxa6
{[%emt 0:00:04]} 22. bxa6 {[%emt 0:00:01]} Nxe5 {[%emt 0:00:08]} 23. fxe5
{[%emt 0:00:02]} Ba5 {[%emt 0:00:04]} 24. Kd2 {[%emt 0:00:06]} Ra8 {[%emt
0:00:13]} 25. Rb1 {[%emt 0:00:06]} Kf8 {[%emt 0:00:27]} 26. Kd3 {[%emt
0:00:11]} Rxa6 {[%emt 0:00:08]} 27. Rb8+ {[%emt 0:00:16]} Ke7 {[%emt 0:00:04]}
28. Bh4+ { [%emt 0:00:12]} Kd7 {[%emt 0:00:07]} 29. Rb7+ {[%emt 0:00:16]} Kc6
{[%emt 0:00:13]} 30. Rxf7 {[%emt 0:00:08]} 1-0

[Event "DSJ Weihnachtsturnier U16: Lasker 2020"]
[Site ""]
[Date "2020.12.28"]
[Round "4"]
[White "Hellenbroich, Helene"]
[Black "Beyer, Lorenz"]
[Result "0-1"]
[Termination "normal"]
[Board "10.3"]
[WhiteElo "1358"]
[BlackElo "1362"]
[WhiteTeam "Lübecker SV von 1873"]
[BlackTeam "Barnimer Schachfreunde im SV Stahl Finow"]
[PlyCount "110"]
[WhiteFideId "16270754"]
[BlackFideId "16245393"]
[EventRounds "7"]
[EventType "team-swiss"]
[EventDate "2020.12.28"]

1. e4 {[%emt 0:00:26] Barnim2-003 reconnected.} e6 {[%emt 0:00:27]} 2. d4 {
[%emt 0:00:10]} d5 {[%emt 0:00:02]} 3. exd5 {[%emt 0:00:08]} exd5 {[%emt
0:00:02]} 4. Bd3 {[%emt 0:00:02]} Bd6 {[%emt 0:00:02]} 5. c3 {[%emt 0:00:05]}
Ne7 { [%emt 0:00:05]} 6. Ne2 {[%emt 0:00:11]} O-O {[%emt 0:00:02]} 7. Bf4
{[%emt 0:00:03]} Bf5 {[%emt 0:00:05]} 8. Qc2 {[%emt 0:00:15]} Bxd3 {[%emt
0:00:06]} 9. Qxd3 {[%emt 0:00:12]} Bxf4 {[%emt 0:00:04]} 10. Nxf4 {[%emt
0:00:03]} Qd6 { [%emt 0:00:03]} 11. Ne2 {[%emt 0:00:11]} Nd7 {[%emt 0:00:03]}
12. O-O {[%emt 0:00:03]} Nf6 {[%emt 0:00:03]} 13. Nd2 {[%emt 0:00:10]} c6
{[%emt 0:00:02]} 14. Rfe1 {[%emt 0:00:06]} Rfe8 {[%emt 0:00:02]} 15. Ng3 {[%emt
0:00:16]} Ng6 { [%emt 0:00:10]} 16. Nf3 {[%emt 0:00:07]} Qd7 {[%emt 0:00:05]}
17. Re2 {[%emt 0:00:53]} Rxe2 {[%emt 0:00:03]} 18. Nxe2 {[%emt 0:00:22]} Re8
{[%emt 0:00:03]} 19. Re1 {[%emt 0:00:05]} Ne4 {[%emt 0:00:03]} 20. Ng3 {[%emt
0:00:19]} Nf4 { [%emt 0:00:03]} 21. Qc2 {[%emt 0:00:16]} Nxg3 {[%emt 0:00:08]}
22. Rxe8+ { [%emt 0:00:09]} Qxe8 {[%emt 0:00:05]} 23. fxg3 {[%emt 0:00:16]}
Qe3+ {[%emt 0:00:07]} 24. Qf2 {[%emt 0:00:29]} Qxf2+ {[%emt 0:00:06]} 25. Kxf2
{[%emt 0:00:02]} Nd3+ {[%emt 0:00:01]} 26. Ke3 {[%emt 0:00:07]} Nxb2 {[%emt
0:00:02]} 27. Kf4 {[%emt 0:00:07]} Na4 {[%emt 0:00:04]} 28. Ke5 {[%emt
0:00:01]} Nxc3 { [%emt 0:00:11]} 29. Kd6 {[%emt 0:00:04]} Nb5+ {[%emt 0:00:04]}
30. Kd7 { [%emt 0:00:11]} f6 {[%emt 0:00:03]} 31. Kc8 {[%emt 0:00:05]} Nd6+
{[%emt 0:00:03]} 32. Kc7 {[%emt 0:00:03]} Nb5+ {[%emt 0:00:17]} 33. Kxb7 {[%emt
0:00:04]} Kf7 {[%emt 0:00:06]} 34. Kxc6 {[%emt 0:00:04]} Nc3 {[%emt 0:00:02]}
35. a3 { [%emt 0:00:06]} Ke6 {[%emt 0:00:04]} 36. g4 {[%emt 0:00:25]} a5 {[%emt
0:00:10] } 37. g5 {[%emt 0:00:10]} a4 {[%emt 0:00:11]} 38. gxf6 {[%emt
0:00:02]} gxf6 { [%emt 0:00:03]} 39. Nd2 {[%emt 0:00:30]} Ne2 {[%emt 0:00:44]}
40. Nf3 {[%emt 0:00:39]} Nc3 {[%emt 0:00:03]} 41. Nd2 {[%emt 0:00:08]} Kf5
{[%emt 0:00:11]} 42. Kc5 {[%emt 0:00:14]} Kf4 {[%emt 0:00:15]} 43. Kb4 {[%emt
0:00:12]} Ne2 { [%emt 0:00:03]} 44. Nf3 {[%emt 0:00:21]} Ke3 {[%emt 0:00:07]}
45. Kxa4 { [%emt 0:00:05]} Nxd4 {[%emt 0:00:02]} 46. Nxd4 {[%emt 0:00:04]} Kxd4
{[%emt 0:00:04]} 47. Kb4 {[%emt 0:00:07]} Ke3 {[%emt 0:00:02]} 48. Kc3 {[%emt
0:00:15]} d4+ {[%emt 0:00:01]} 49. Kc2 {[%emt 0:00:04]} Ke2 {[%emt 0:00:01]}
50. a4 { [%emt 0:00:03]} d3+ {[%emt 0:00:05]} 51. Kc1 {[%emt 0:00:03]} d2+
{[%emt 0:00:01]} 52. Kb2 {[%emt 0:00:01]} d1=Q {[%emt 0:00:01]} 53. a5 {[%emt
0:00:00]} Qa4 {[%emt 0:00:02]} 54. a6 {[%emt 0:00:00]} Qxa6 {[%emt 0:00:02]}
55. Kc3 { [%emt 0:00:02]} Kf2 {[%emt 0:00:02]} 0-1

[Event "DSJ Weihnachtsturnier U16: Lasker 2020"]
[Site ""]
[Date "2020.12.28"]
[Round "4"]
[White "Artukovic, Benjamin"]
[Black "Maas, Kolja"]
[Result "0-1"]
[Termination "normal"]
[Board "11.1"]
[WhiteElo "1358"]
[BlackElo "1559"]
[WhiteTeam "SC Weisse Dame"]
[BlackTeam "Lübecker SV von 1873 2"]
[PlyCount "42"]
[WhiteFideId "16204255"]
[BlackFideId "16220420"]
[EventRounds "7"]
[EventType "team-swiss"]
[EventDate "2020.12.28"]

1. d4 {[%emt 0:00:04]} Nf6 {[%emt 0:00:04]} 2. Nf3 {[%emt 0:00:03]} g6 { [%emt
0:00:01]} 3. Bf4 {[%emt 0:00:02]} Bg7 {[%emt 0:00:02]} 4. e3 {[%emt 0:00:01]}
d6 {[%emt 0:00:03]} 5. h3 {[%emt 0:00:04]} Nbd7 {[%emt 0:00:15]} 6. Be2 { [%emt
0:00:03]} b6 {[%emt 0:00:09]} 7. Nbd2 {[%emt 0:00:10]} Bb7 {[%emt 0:00:10]} 8.
c3 {[%emt 0:00:04]} c5 {[%emt 0:00:03]} 9. O-O {[%emt 0:00:03]} O-O { [%emt
0:00:04]} 10. Qb3 {[%emt 0:00:30]} e5 {[%emt 0:00:27]} 11. Bh2 {[%emt 0:00:31]}
Qe7 {[%emt 0:00:23]} 12. Rad1 {[%emt 0:00:20]} exd4 {[%emt 0:00:29]} 13. cxd4
{[%emt 0:00:04]} cxd4 {[%emt 0:00:12]} 14. Nxd4 {[%emt 0:00:03]} Nc5 { [%emt
0:00:07]} 15. Qa3 {[%emt 0:00:32]} Nd5 {[%emt 0:01:08]} 16. Bf3 {[%emt
0:00:29]} Be5 {[%emt 0:01:13]} 17. Nc4 {[%emt 0:01:18]} Rfd8 {[%emt 0:00:58]}
18. Nb5 {[%emt 0:00:51]} Qe6 {[%emt 0:01:24]} 19. Nc7 {[%emt 0:00:11]} Nxc7 {
[%emt 0:00:09]} 20. Nxe5 {[%emt 0:00:51]} dxe5 {[%emt 0:00:22]} 21. Bxb7 {
[%emt 0:00:31]} Nxb7 {[%emt 0:00:03]} 0-1

[Event "DSJ Weihnachtsturnier U16: Lasker 2020"]
[Site ""]
[Date "2020.12.28"]
[Round "4"]
[White "Paulsen, Niels-Martin"]
[Black "Movsisyan, Andranik"]
[Result "1-0"]
[Termination "normal"]
[Board "11.2"]
[WhiteElo "1588"]
[BlackElo "1578"]
[WhiteTeam "Lübecker SV von 1873 2"]
[BlackTeam "SC Weisse Dame"]
[PlyCount "67"]
[WhiteFideId "16214994"]
[BlackFideId "16240391"]
[EventRounds "7"]
[EventType "team-swiss"]
[EventDate "2020.12.28"]

1. Nf3 {[%emt 0:00:08]} Nf6 {[%emt 0:00:03]} 2. c4 {[%emt 0:00:04]} Nc6 { [%emt
0:00:06]} 3. b3 {[%emt 0:00:03]} e5 {[%emt 0:00:10]} 4. Nc3 {[%emt 0:00:03]}
Bc5 {[%emt 0:00:03]} 5. Bb2 {[%emt 0:00:04]} d6 {[%emt 0:00:02]} 6. g3 { [%emt
0:00:10]} Be6 {[%emt 0:00:04]} 7. Bg2 {[%emt 0:00:02]} h6 {[%emt 0:00:19] } 8.
d3 {[%emt 0:00:07]} Bb4 {[%emt 0:00:33]} 9. O-O {[%emt 0:00:09]} Qd7 { [%emt
0:00:10]} 10. a3 {[%emt 0:00:18]} Bc5 {[%emt 0:00:03]} 11. b4 {[%emt 0:00:06]}
Bb6 {[%emt 0:00:01]} 12. e3 {[%emt 0:00:23]} d5 {[%emt 0:00:34]} 13. c5 {[%emt
0:00:11]} d4 {[%emt 0:00:11]} 14. exd4 {[%emt 0:00:11]} exd4 {[%emt 0:00:03]}
15. Ne2 {[%emt 0:00:14]} g5 {[%emt 0:00:53]} 16. cxb6 {[%emt 0:00:10]} axb6
{[%emt 0:00:00]} 17. Nexd4 {[%emt 0:00:13]} Nxd4 {[%emt 0:00:23]} 18. Nxd4
{[%emt 0:00:17]} O-O-O {[%emt 0:00:22]} 19. Nc6 {[%emt 0:00:49]} Bh3 {[%emt
0:01:30]} 20. Bxf6 {[%emt 0:00:55]} Rdg8 {[%emt 0:00:57]} 21. Qa4 {[%emt
0:01:01] } Qe6 {[%emt 0:00:22]} 22. Bxh3 {[%emt 0:00:53]} Qxh3 {[%emt 0:00:10]}
23. Ne7+ {[%emt 0:00:08]} Kb8 {[%emt 0:00:05]} 24. Nxg8 {[%emt 0:00:09]} Rxg8
{[%emt 0:00:01]} 25. Rfe1 {[%emt 0:00:11]} Qc8 {[%emt 0:00:26]} 26. Re7 {[%emt
0:00:17]} b5 {[%emt 0:00:39]} 27. Qxb5 {[%emt 0:00:25]} Rg6 {[%emt 0:00:04]}
28. Re8 { [%emt 0:00:05]} Rxf6 {[%emt 0:00:03]} 29. Rxc8+ {[%emt 0:00:04]} Ka7
{[%emt 0:00:03]} 30. Qa5+ {[%emt 0:00:03]} Ra6 {[%emt 0:00:05]} 31. Qc5+ {[%emt
0:00:05] } Rb6 {[%emt 0:00:03]} 32. a4 {[%emt 0:00:06]} c6 {[%emt 0:00:25]} 33.
a5 { [%emt 0:00:04]} g4 {[%emt 0:00:22]} 34. axb6# {[%emt 0:00:03]} 1-0

[Event "DSJ Weihnachtsturnier U16: Lasker 2020"]
[Site ""]
[Date "2020.12.28"]
[Round "4"]
[White "Tunc, Ozan Kurtul"]
[Black "Monakhov, Boris"]
[Result "1-0"]
[Termination "normal"]
[Board "11.3"]
[WhiteElo "1655"]
[BlackElo "1634"]
[WhiteTeam "SC Weisse Dame"]
[BlackTeam "Lübecker SV von 1873 2"]
[PlyCount "41"]
[BlackFideId "16297415"]
[EventRounds "7"]
[EventType "team-swiss"]
[EventDate "2020.12.28"]

1. d4 {[%emt 0:00:03]} Nf6 {[%emt 0:00:08]} 2. c4 {[%emt 0:00:07]} e6 {[%emt
0:00:01]} 3. Nc3 {[%emt 0:00:09]} d5 {[%emt 0:00:04]} 4. Nf3 {[%emt 0:00:06]}
Be7 {[%emt 0:00:26]} 5. Bg5 {[%emt 0:00:09]} h6 {[%emt 0:00:14]} 6. Bh4 {[%emt
0:00:48]} O-O {[%emt 0:00:14]} 7. e3 {[%emt 0:00:10]} Nc6 {[%emt 0:00:15]} 8.
Rc1 {[%emt 0:00:11]} b6 {[%emt 0:00:15]} 9. cxd5 {[%emt 0:00:10]} exd5 {[%emt
0:00:19]} 10. Ne5 {[%emt 0:00:08]} Nxe5 {[%emt 0:00:14]} 11. dxe5 {[%emt
0:00:02]} Nd7 {[%emt 0:00:33]} 12. Bxe7 {[%emt 0:00:07]} Qxe7 {[%emt 0:00:00]}
13. Nxd5 { [%emt 0:00:04]} Qxe5 {[%emt 0:00:24]} 14. Nxc7 {[%emt 0:00:05]} Rb8
{[%emt 0:00:26]} 15. Qd4 {[%emt 0:00:37]} Qa5+ {[%emt 0:00:28]} 16. b4 {[%emt
0:00:13]} Qxa2 {[%emt 0:00:10]} 17. Bc4 {[%emt 0:00:08]} Qa4 {[%emt 0:00:24]}
18. Bb5 { [%emt 0:00:05]} Qa3 {[%emt 0:00:08]} 19. Ra1 {[%emt 0:00:06]} Qb3
{[%emt 0:00:22]} 20. Ba4 {[%emt 0:00:06]} Qc2 {[%emt 0:00:17]} 21. Bxc2 {[%emt
0:00:04]} 1-0

[Event "DSJ Weihnachtsturnier U16: Lasker 2020"]
[Site ""]
[Date "2020.12.28"]
[Round "4"]
[White "Shaik, Zhafar"]
[Black "Golubev, Egor"]
[Result "0-1"]
[Termination "normal"]
[Board "12.4"]
[WhiteElo "833"]
[BlackElo "1589"]
[WhiteTeam "Schachfreunde Gern"]
[BlackTeam "Schachfr. Bischofswerda"]
[PlyCount "76"]
[WhiteFideId "34645071"]
[BlackFideId "24287474"]
[EventRounds "7"]
[EventType "team-swiss"]
[EventDate "2020.12.28"]

1. e4 {[%emt 0:00:03]} c5 {[%emt 0:00:02]} 2. Nf3 {[%emt 0:00:02]} e6 {[%emt
0:00:01]} 3. Nc3 {[%emt 0:00:01]} a6 {[%emt 0:00:02]} 4. d4 {[%emt 0:00:01]}
cxd4 {[%emt 0:00:02]} 5. Nxd4 {[%emt 0:00:00]} Nc6 {[%emt 0:00:02]} 6. Nxc6 {
[%emt 0:00:11]} bxc6 {[%emt 0:00:03]} 7. Bc4 {[%emt 0:00:16]} d5 {[%emt
0:00:03]} 8. exd5 {[%emt 0:00:02]} cxd5 {[%emt 0:00:02]} 9. Bd3 {[%emt
0:00:04]} Nf6 {[%emt 0:00:03]} 10. O-O {[%emt 0:00:08]} Bc5 {[%emt 0:00:04]}
11. Na4 { [%emt 0:00:12]} Ba7 {[%emt 0:00:16]} 12. Bg5 {[%emt 0:00:03]} O-O
{[%emt 0:00:04]} 13. Bxf6 {[%emt 0:00:12]} Qxf6 {[%emt 0:00:06]} 14. Qh5 {[%emt
0:00:04]} h6 {[%emt 0:00:11]} 15. b3 {[%emt 0:00:38]} Bd7 {[%emt 0:00:15]} 16.
Nc3 { [%emt 0:00:05]} Qxc3 {[%emt 0:00:04]} 17. Rfe1 {[%emt 0:00:20]} Qd4
{[%emt 0:00:19]} 18. h3 {[%emt 0:00:09]} Qxf2+ {[%emt 0:00:03]} 19. Kh2 {[%emt
0:00:07]} Qf4+ {[%emt 0:00:11]} 20. g3 {[%emt 0:00:07]} Qf2+ {[%emt 0:00:04]}
21. Kh1 { [%emt 0:00:03]} Qxg3 {[%emt 0:00:13]} 22. Rg1 {[%emt 0:00:10]} Bxg1
{[%emt 0:00:05]} 23. Rxg1 {[%emt 0:00:04]} Qf4 {[%emt 0:00:01]} 24. Qe2 {[%emt
0:00:05]} Bc6 {[%emt 0:00:08]} 25. Qg2 {[%emt 0:00:09]} Qf6 {[%emt 0:00:32]}
26. Rf1 { [%emt 0:00:07]} Qg5 {[%emt 0:00:03]} 27. Qxg5 {[%emt 0:00:05]} hxg5
{[%emt 0:00:02]} 28. Rg1 {[%emt 0:00:04]} d4+ {[%emt 0:00:04]} 29. Kh2 {[%emt
0:00:04]} g6 {[%emt 0:00:12]} 30. Rxg5 {[%emt 0:00:12]} Kg7 {[%emt 0:00:06]}
31. h4 { [%emt 0:00:04]} Rh8 {[%emt 0:00:04]} 32. Kh3 {[%emt 0:00:03]} Rae8
{[%emt 0:00:15]} 33. Bxa6 {[%emt 0:00:07]} f6 {[%emt 0:00:33]} 34. Rc5 {[%emt
0:00:08]} Bd7 {[%emt 0:00:11]} 35. Rc7 {[%emt 0:00:12]} Re7 {[%emt 0:00:40]}
36. Bb5 { [%emt 0:00:05]} Rd8 {[%emt 0:00:13] SF-Gern1-004 reconnected.} 37.
Bxd7 { [%emt 0:01:04]} Rexd7 {[%emt 0:00:09]} 38. Rxd7+ {[%emt 0:00:03]} Rxd7 {
[%emt 0:00:01]} 0-1

[Event "DSJ Weihnachtsturnier U16: Lasker 2020"]
[Site ""]
[Date "2020.12.28"]
[Round "4"]
[White "Fischer, Darja"]
[Black "Schwandner, Clemens"]
[Result "1-0"]
[Termination "normal"]
[Board "13.1"]
[WhiteElo "1559"]
[BlackElo "1281"]
[WhiteTeam "Karlsruher SF 1853 2"]
[BlackTeam "SC 1951 Nordhausen"]
[PlyCount "121"]
[WhiteFideId "16240898"]
[EventRounds "7"]
[EventType "team-swiss"]
[EventDate "2020.12.28"]

1. d4 {[%emt 0:00:02]} d5 {[%emt 0:00:07]} 2. c4 {[%emt 0:00:03]} dxc4 { [%emt
0:00:04]} 3. Nc3 {[%emt 0:00:04]} e6 {[%emt 0:00:02]} 4. e4 {[%emt 0:00:02]}
Nc6 {[%emt 0:00:04]} 5. Nf3 {[%emt 0:00:02]} Bb4 {[%emt 0:00:03]} 6. Bxc4
{[%emt 0:00:02]} Bxc3+ {[%emt 0:00:05]} 7. bxc3 {[%emt 0:00:00]} Nge7 {[%emt
0:00:03]} 8. O-O {[%emt 0:00:04]} b6 {[%emt 0:00:10]} 9. Bf4 {[%emt 0:00:03]}
Bb7 {[%emt 0:00:05]} 10. Qd2 {[%emt 0:00:02]} Qd7 {[%emt 0:00:02]} 11. Rad1 {
[%emt 0:00:02]} O-O-O {[%emt 0:00:02]} 12. a4 {[%emt 0:00:15]} Na5 {[%emt
0:00:23]} 13. Bb5 {[%emt 0:00:35]} c6 {[%emt 0:00:05]} 14. Be2 {[%emt 0:00:02]}
f6 { [%emt 0:00:31]} 15. c4 {[%emt 0:00:19]} Ng6 {[%emt 0:00:11]} 16. Be3
{[%emt 0:00:37]} Rhe8 {[%emt 0:00:05]} 17. c5 {[%emt 0:00:14]} e5 {[%emt
0:00:16]} 18. cxb6 {[%emt 0:00:14]} axb6 {[%emt 0:00:05]} 19. Qb4 {[%emt
0:00:44]} Nf4 { [%emt 0:01:02]} 20. Bxf4 {[%emt 0:00:46]} exf4 {[%emt 0:00:05]}
21. Qxb6 { [%emt 0:00:20]} Qc7 {[%emt 0:00:19]} 22. Qc5 {[%emt 0:00:29]} g6
{[%emt 0:00:39]} 23. e5 {[%emt 0:00:43]} Rd5 {[%emt 0:00:55]} 24. Qc3 {[%emt
0:00:29]} fxe5 {[%emt 0:00:40]} 25. Nxe5 {[%emt 0:00:09]} c5 {[%emt 0:00:31]}
26. Bf3 { [%emt 0:00:23]} cxd4 {[%emt 0:01:19]} 27. Qxc7+ {[%emt 0:00:09]} Kxc7
{[%emt 0:00:03]} 28. Bxd5 {[%emt 0:00:01]} Bxd5 {[%emt 0:00:06]} 29. Nd3 {[%emt
0:00:13] } Bc4 {[%emt 0:00:05]} 30. Rc1 {[%emt 0:00:07]} Kd6 {[%emt 0:00:10]}
31. Rfd1 { [%emt 0:00:09]} Bxd3 {[%emt 0:00:41]} 32. Rxd3 {[%emt 0:00:00]} Kd5
{[%emt 0:00:11]} 33. g3 {[%emt 0:00:06]} fxg3 {[%emt 0:00:02]} 34. hxg3 {[%emt
0:00:05]} g5 {[%emt 0:00:07]} 35. Rc7 {[%emt 0:00:18]} h6 {[%emt 0:00:10]} 36.
Rd7+ { [%emt 0:00:05]} Kc5 {[%emt 0:00:13]} 37. R3xd4 {[%emt 0:00:07]} Re1+
{[%emt 0:00:13]} 38. Kg2 {[%emt 0:00:02]} Ra1 {[%emt 0:00:03]} 39. R7d5+ {[%emt
0:00:03] } Kb6 {[%emt 0:00:04]} 40. Rb5+ {[%emt 0:00:01]} Ka6 {[%emt 0:00:05]}
41. Rd6+ {[%emt 0:00:02]} Ka7 {[%emt 0:00:02]} 42. Rxa5+ {[%emt 0:00:01]} Kb7
{[%emt 0:00:03]} 43. Rb5+ {[%emt 0:00:02]} Kc7 {[%emt 0:00:02]} 44. Rxh6 {[%emt
0:00:07] } Rxa4 {[%emt 0:00:02]} 45. Rxg5 {[%emt 0:00:01]} Rd4 {[%emt 0:00:06]}
46. Rg7+ {[%emt 0:00:03]} Rd7 {[%emt 0:00:03]} 47. Rxd7+ {[%emt 0:00:01]} Kxd7
{[%emt 0:00:01]} 48. Rf6 {[%emt 0:00:03]} Ke7 {[%emt 0:00:01]} 49. Rf3 {[%emt
0:00:01]} Ke6 {[%emt 0:00:01]} 50. g4 {[%emt 0:00:01]} Ke5 {[%emt 0:00:01]} 51.
g5 { [%emt 0:00:00]} Ke4 {[%emt 0:00:01]} 52. g6 {[%emt 0:00:01]} Ke5 {[%emt
0:00:01]} 53. Kg3 {[%emt 0:00:02]} Ke4 {[%emt 0:00:01]} 54. Kg4 {[%emt
0:00:03]} Ke5 {[%emt 0:00:01]} 55. g7 {[%emt 0:00:01]} Ke4 {[%emt 0:00:01]} 56.
Re3+ { [%emt 0:00:01]} Kd5 {[%emt 0:00:02]} 57. Kf5 {[%emt 0:00:01]} Kd6 {[%emt
0:00:01]} 58. g8=Q {[%emt 0:00:03]} Kd7 {[%emt 0:00:02]} 59. Qe6+ {[%emt
0:00:03]} Kc7 {[%emt 0:00:01]} 60. Rc3+ {[%emt 0:00:01]} Kd8 {[%emt 0:00:03]}
61. Rc8# { [%emt 0:00:02]} 1-0

[Event "DSJ Weihnachtsturnier U16: Lasker 2020"]
[Site ""]
[Date "2020.12.28"]
[Round "4"]
[White "Stahl, Phillip"]
[Black "Schulz, Hannah"]
[Result "0-1"]
[Termination "normal"]
[Board "13.2"]
[WhiteElo "1222"]
[BlackElo "1539"]
[WhiteTeam "SC 1951 Nordhausen"]
[BlackTeam "Karlsruher SF 1853 2"]
[PlyCount "59"]
[WhiteFideId "34624015"]
[BlackFideId "16244745"]
[EventRounds "7"]
[EventType "team-swiss"]
[EventDate "2020.12.28"]

1. e4 {[%emt 0:00:05]} c6 {[%emt 0:00:06]} 2. d4 {[%emt 0:00:03]} d5 {[%emt
0:00:01]} 3. exd5 {[%emt 0:00:04]} cxd5 {[%emt 0:00:02]} 4. Nc3 {[%emt
0:00:03]} Nc6 {[%emt 0:00:02]} 5. Nf3 {[%emt 0:00:03]} Nf6 {[%emt 0:00:02]} 6.
Bf4 { [%emt 0:00:03]} Bf5 {[%emt 0:00:02]} 7. h3 {[%emt 0:00:03]} Bg6 {[%emt
0:00:08] } 8. Bd3 {[%emt 0:00:02]} e6 {[%emt 0:00:02]} 9. a3 {[%emt 0:00:02]}
Bd6 { [%emt 0:00:01]} 10. Bxg6 {[%emt 0:00:08]} hxg6 {[%emt 0:00:06]} 11. Be5 {
[%emt 0:00:11]} Bxe5 {[%emt 0:00:13]} 12. dxe5 {[%emt 0:00:08]} Nd7 {[%emt
0:00:02]} 13. Qe2 {[%emt 0:00:09]} Qc7 {[%emt 0:00:03]} 14. Nb5 {[%emt
0:00:14]} Qa5+ {[%emt 0:00:10]} 15. b4 {[%emt 0:00:13]} Qb6 {[%emt 0:00:26]}
16. Nd6+ { [%emt 0:00:20]} Ke7 {[%emt 0:00:03]} 17. O-O {[%emt 0:00:10]} Ncxe5
{[%emt 0:00:18]} 18. Nxb7 {[%emt 0:01:12]} Nxf3+ {[%emt 0:00:04]} 19. Qxf3
{[%emt 0:00:04]} Qxb7 {[%emt 0:00:03]} 20. c4 {[%emt 0:00:07]} Ne5 {[%emt
0:00:07]} 21. Qc3 {[%emt 0:00:07]} Nxc4 {[%emt 0:00:10]} 22. Qxg7 {[%emt
0:00:08]} Rag8 {[%emt 0:00:31]} 23. Qd4 {[%emt 0:00:09]} Qb6 {[%emt 0:00:14]}
24. Qd3 {[%emt 0:00:08]} Rc8 {[%emt 0:00:23]} 25. Rac1 {[%emt 0:00:12]} Rc7
{[%emt 0:00:44]} 26. Qc3 { [%emt 0:00:48]} Rhc8 {[%emt 0:00:08]} 27. Qf3 {[%emt
0:00:33]} Nd2 {[%emt 0:00:19]} 28. Rxc7+ {[%emt 0:00:12]} Rxc7 {[%emt 0:00:05]}
29. Qe2 {[%emt 0:00:29]} Nxf1 {[%emt 0:00:07]} 30. Qxf1 {[%emt 0:00:38]} 0-1